000 00868cam a22003137a 4500
003 CHAP
005 20220817042549.0
008 971013s1979 r 00010 d
010 _a48211
011 _a49183
035 _a53331
040 _cCHAP
082 _a633
_bF33
110 2 _aFAO
245 1 0 _aYield response to water
260 _aRome :
_bFAO,
_c1979
300 _a193 p.
_b: ilus. ; gráfs.
490 0 _aRiego y drenaje
_v; 33
590 _aBATCH-UPD
_b10
_c20130110
_lUCH01
_h1407
590 _aCONVERSION
_b10
_c20130109
_lUCH01
_h1326
650 1 4 _aCultivos
_xAgua requerida.
_930224
650 1 4 _aCultivos
_xRendimiento.
_930318
700 0 _aDoorenbos, J.
_933986
700 0 _aKassam, A. H.
_962774
830 0 _aRiego y drenaje
_v; 33
_997387
901 _aBK
942 _cLIBRO
949 _a633 F33
_bBC
_cFAO
_d-118329
_eFAO1
_h48898
_i53331
_si
999 _c48211
_d48211